000 00606nam a22002297a 4500
001 65818
003 UA-OsUOA
005 20220920112311.0
007 ta
008 20091210b un ||||| |||| 00| 0 ukr d
040 _aUA-OsUOA
_bukr
_cUA-OsUOA
_dUA-OsUOA
041 _aukr
080 _a82-94
090 _a82-94
_bШ85
100 _aШраменко І.
245 _aЛілея на болоті або шевченкова кобза
260 _aК.
_c2007
300 _a300 с.
650 7 _a82 Література. Літературознавство
_2UDC
942 _cBK
_2udc
955 _a2
999 _c352264
_d352264